<?xml version="1.0" encoding="UTF-8"?>
<record
    xmlns:xsi="http://www.w3.org/2001/XMLSchema-instance"
    xsi:schemaLocation="http://www.loc.gov/MARC21/slim http://www.loc.gov/standards/marcxml/schema/MARC21slim.xsd"
    xmlns="http://www.loc.gov/MARC21/slim">

  <leader>01451nam a22001457a 4500</leader>
  <datafield tag="999" ind1=" " ind2=" ">
    <subfield code="c">523871</subfield>
    <subfield code="d">523871</subfield>
  </datafield>
  <controlfield tag="008">231011b           ||||| |||| 00| 0 eng d</controlfield>
  <datafield tag="100" ind1=" " ind2=" ">
    <subfield code="a">Daniel, Namrata </subfield>
    <subfield code="9">44087</subfield>
  </datafield>
  <datafield tag="245" ind1=" " ind2=" ">
    <subfield code="a">The political economy of sexual labour and its commodification : Notes from the field </subfield>
  </datafield>
  <datafield tag="260" ind1=" " ind2=" ">
    <subfield code="a">Social Scientist  </subfield>
  </datafield>
  <datafield tag="300" ind1=" " ind2=" ">
    <subfield code="a">51(7-8), Jul-Aug, 2023: p.77-86</subfield>
  </datafield>
  <datafield tag="520" ind1=" " ind2=" ">
    <subfield code="a">This paper focuses on the political economy of sexual relations in a capitalist system, where the relationship is mediated, structured and  regulated through four major institutions, the family. Community, market and state. These collectively control and consume women&#x2019;s domestic and sexual services within the private and public spheres for smooth functioning of the capitalism system. Women labour plays an integral rule in social reproduction processes and reproduces social hierarchies. The failure to connect women&#x2019;s domestic labour and social precaution results in the treatment of work undertaken by them as unpaid labour, which is not regarded and recognized as an economic activity. This pper studies the commodification of women&#x2019;s bodies, to argue that violence is an integral part of the strategy of control of women and is structural in character. Violence in the public and private spheres is integral to the strategy of control over women and various forms of their services and labour. &#x2013; Reproduced </subfield>
  </datafield>
  <datafield tag="773" ind1=" " ind2=" ">
    <subfield code="a">Social Scientist  </subfield>
  </datafield>
  <datafield tag="906" ind1=" " ind2=" ">
    <subfield code="a">WOMEN</subfield>
  </datafield>
  <datafield tag="942" ind1=" " ind2=" ">
    <subfield code="c">AR</subfield>
  </datafield>
  <datafield tag="952" ind1=" " ind2=" ">
    <subfield code="0">0</subfield>
    <subfield code="1">0</subfield>
    <subfield code="2">ddc</subfield>
    <subfield code="4">0</subfield>
    <subfield code="7">0</subfield>
    <subfield code="9">398918</subfield>
    <subfield code="a">IIPA</subfield>
    <subfield code="b">IIPA</subfield>
    <subfield code="d">2023-10-11</subfield>
    <subfield code="h">51(7-8), Jul-Aug, 2023: p.77-86</subfield>
    <subfield code="p">AR129753</subfield>
    <subfield code="r">2023-10-11</subfield>
    <subfield code="y">AR</subfield>
  </datafield>
</record>
